000 00590nam a2200181Ia 4500
008 151202s9999||||xx |||||||||||||| ||und||
082 _bPNVM-48844
100 _aशेवडे रा.वा.
245 _aइंदिरा प्रियदर्शिनी.
260 _bलेखक.
260 _c1984
300 _a56
600 _aशेवडे रा.वा.
630 _aइंदिरा प्रियदर्शिनी.
700 _aशेवडे रा.वा.
730 _aइंदिरा प्रियदर्शिनी.
942 _cBOOK
999 _c1314781
_d1314778